Todos os parques nacionais brasileiros no mapa - Statistics

Estatísticas Gerais
  • Esse quiz foi jogado 120 vezes
  • A pontuação média é 13 de 73
Respostas no mapa
Respostas codificadas por cores de uma escala verde-vermelha no mapa do quiz de acordo com a % correta abaixo.
 
Estatísticas das Respostas
Parque Nacional % Correto
Parque Nacional do Iguaçu
59%
Parque Nacional Marinho de Fernando de Noronha
59%
Parque Nacional da Chapada dos Veadeiros
54%
Parque Nacional da Chapada Diamantina
53%
Parque Nacional dos Lençóis Maranhenses
48%
Parque Nacional da Chapada dos Guimarães
43%
Parque Nacional de Itatiaia
36%
Parque Nacional da Tijuca
33%
Parque Nacional Aparados da Serra
32%
Parque Nacional da Serra da Canastra
31%
Parque Nacional do Araguaia
31%
Parque Nacional Serra da Capivara
31%
Parque Nacional de Brasília
30%
Parque Nacional do Caparaó
28%
Parque Nacional da Serra dos Órgãos
27%
Parque Nacional do Monte Roraima
27%
Parque Nacional da Serra da Bocaina
26%
Parque Nacional de Jericoacoara
26%
Parque Nacional da Amazônia
22%
Parque Nacional das Emas
22%
Parque Nacional da Chapada das Mesas
21%
Parque Nacional da Serra do Cipó
21%
Parque Nacional de Ilha Grande
21%
Parque Nacional do Descobrimento
21%
Parque Nacional do Monte Pascoal
21%
Parque Nacional Marinho dos Abrolhos
21%
Parque Nacional de Anavilhanas
20%
Parque Nacional do Pico da Neblina
20%
Parque Nacional da Serra Geral
19%
Parque Nacional do Jaú
19%
Parque Nacional do Pantanal Matogrossense
19%
Parque Nacional Cavernas do Peruaçu
17%
Parque Nacional das Araucárias
16%
Parque Nacional da Lagoa do Peixe
15%
Parque Nacional Grande Sertão Veredas
15%
Parque Nacional da Serra do Divisor
14%
Parque Nacional de Sete Cidades
14%
Parque Nacional do Cabo Orange
14%
Parque Nacional do Catimbau
14%
Parque Nacional da Furna Feia
12%
Parque Nacional de São Joaquim
12%
Parque Nacional do Boqueirão da Onça
12%
Parque Nacional Montanhas do Tumucumaque
12%
Parque Nacional das Nascentes do Rio Parnaíba
11%
Parque Nacional de Boa Nova
11%
Parque Nacional do Alto Cariri
11%
Parque Nacional Mapinguari
11%
Parque Nacional da Serra da Bodoquena
10%
Parque Nacional de Pacaás Novos
10%
Parque Nacional de Superagüi
10%
Parque Nacional do Juruena
10%
Parque Nacional dos Campos Amazônicos
10%
Parque Nacional dos Campos Ferruginosos
10%
Parque Nacional dos Campos Gerais
10%
Parque Nacional Guaricana
10%
Parque Nacional da Serra das Confusões
9%
Parque Nacional da Serra do Gandarela
9%
Parque Nacional das Sempre-Vivas
9%
Parque Nacional do Pau Brasil
9%
Parque Nacional da Restinga de Jurubatiba
7%
Parque Nacional do Jamanxim
7%
Parque Nacional da Serra da Cutia
6%
Parque Nacional de Ubajara
6%
Parque Nacional Serra da Mocidade
6%
Parque Nacional Serra de Itabaiana
6%
Parque Nacional de Saint Hilaire/Lange
5%
Parque Nacional da Serra das Lontras
4%
Parque Nacional da Serra do Itajaí
4%
Parque Nacional da Serra do Pardo
4%
Parque Nacional das Nascentes do Lago Jari
4%
Parque Nacional do Rio Novo
4%
Parque Nacional do Viruá
4%
Parque Nacional Marinho da Ilha dos Currais
2%
Nenhum quiz correspondente encontrado
Distribuição das Pontuações
Porcentagem de Pessoas com Cada Pontuação
Percentil de Números Respondidos
Sua Pontuação Histórica
Você não jogou esse quiz